| 000 | nam a22 a 4500 | ||
|---|---|---|---|
| 999 |
_c2875 _d2875 |
||
| 003 | BLK | ||
| 005 | 20210707134235.0 | ||
| 008 | 180412b bul|||||r ||||||| ||bul|| | ||
| 010 | _aKNG00003903000 | ||
| 020 | _a954-428-071-5 | ||
| 040 | _aBLK | ||
| 041 |
_aBUL _cBUL |
||
| 080 |
_aКулт. Религиозни обичаи, обреди. Богослужение. Религ. церимониал, символика, мистерии, ритуални убийства. Амулети. Талисмани. Оракули, магьосници, вещери. Екзорсизъм. Свети места Вж и 1 _b291.3 _x(035) _z291.3(035) |
||
| 080 |
_aАстрология _b133.52 _x(035) _z133.52(035) |
||
| 080 |
_aПарапсихология. Нумерология. - Халюцинации, пророчества, предсказания, магии, демонология, телепатия, спиритизъм, илюзии, нумерология, мошеничество. Вж и 133 ; 398.4 ; 615.851 _b159.961 _x(035) _z159.961(035) |
||
| 100 | 1 |
_aЖулиен, Надя _eпърви автор _9246443 |
|
| 139 |
_aЖулиен, Надя _bЖ 82 |
||
| 245 | 1 | 0 |
_aТалисманите _cНадя Жулиен; прев. от фр. Елена Константинова. |
| 257 | _aFRA | ||
| 260 |
_bХемус _c1994 _aСофия |
||
| 300 |
_a68 с. _bсъс сх., табл., ил. _c20 см |
||
| 380 | _a2 | ||
| 500 | _aОриг. загл. Les talismans et leurs secrets / Nadia Julien. - 8 000 тир. | ||
| 650 | 4 |
_aАмулети и талисмани - наръчници и ръководства _9246445 |
|
| 650 | 4 |
_aСимволи и знаци - наръчници и ръководства _9246446 |
|
| 650 | 4 |
_aАстрология - наръчници и ръководства _9246447 |
|
| 650 | 4 |
_aПарапсихология - наръчници и ръководства _9246448 |
|
| 653 | _aамулети | ||
| 653 | _aталисмани | ||
| 653 | _aпарапсихология | ||
| 700 | 1 |
_aКонстантинова, Елена _eпрев. от фр. _9246444 |
|
| 852 | _aЦб 181391 | ||
| 856 | 4 |
_qpdf _u |
|
| 942 |
_cKNG _n0 _s1 _01 |
||
| 944 |
_aCR _c13.03.2003 _kAB_DOS |
||
| 944 |
_aED _c2020-07-07 |
||
| 999 | _d2875 | ||